| 000 | 01201cam a22003377a 4500 | ||
|---|---|---|---|
| 001 | 15328714 | ||
| 005 | 20090105114050.0 | ||
| 008 | 080613s2008 enka b 001 0 eng | ||
| 010 | _a 2008931136 | ||
| 015 |
_aGBA869339 _2bnb |
||
| 016 | 7 |
_a014622134 _2Uk |
|
| 020 | _a1849967202 | ||
| 020 | _a9781849967204 | ||
| 035 | _a(OCoLC)ocn228582051 | ||
| 040 |
_aUKM _cUKM _dYDXCP _dOHX _dBAKER _dCDX _dBWX _dDLC |
||
| 042 |
_aukblcatcopy _alccopycat |
||
| 050 | 0 | 0 |
_aQA76.9.A43 _bS55 2008 |
| 082 | 0 | 4 |
_a005.136 _222 _bSKI |
| 100 | 1 |
_aSkiena, Steven S. _923204 |
|
| 245 | 1 | 4 |
_aThe Algorithm Design Manual / _cSteven S. Skiena. |
| 250 | _a2nd ed. | ||
| 260 |
_aLondon : _bSpringer, 2008 _cc2008. |
||
| 300 |
_axvi, 730 p. : _bill. ; _c25 cm. |
||
| 500 | _anew nonfiction2011 | ||
| 504 | _aIncludes bibliographical references and index. | ||
| 650 | 0 |
_aComputer algorithms. _923205 |
|
| 942 |
_2ddc _cBB |
||
| 999 |
_c15144 _d15144 |
||